Célébrités décédées en 2025🕊️ - Statistiques

Statistiques générales
  • Ce quiz a été pris 86 fois
    75 depuis la dernière actualisation
  • Le résultat moyen est 9 sur 33
Statistiques - réponses
Par images Réponse % Correct
Brigitte Bardot
94%
Jean Marie le Pen
82%
Pape François
81%
Thierry Ardisson
81%
Werenoi
72%
Diogo Jota
55%
Catherine Laborde
51%
Hulk Hogan
42%
Jean Louis Gasset
40%
Bun hay mean
33%
Val Kilmer
33%
Robert Redford
31%
Ozzy Osbourne
27%
Herbert Léonard
24%
Diane Keaton
16%
Jean Sarrus
16%
Claudia Cardinale
15%
Jimmy Cliff
15%
Tchéky Karyo
15%
Giorgio Armani
12%
Robert Reiner
10%
Albert Kassabi
9%
Jacques Martial
4%
Jean René Godart
3%
Bernard Larmande
1%
Drew Struzan
1%
Guy Bévert
1%
Isiah Whitlock jr
1%
Jumelles Kessler
1%
Nicola Pietrangeli
1%
Richard Bonnot
1%
Sofia Corradi
1%
Xavier Emmanuelli
1%
Aucun quiz correspondant
Distribution des résultats
% des personnes avec chaque résultat
Percentile par nombre de réponses
Votre historique - résultats
Vous n’avez pas pris ce quiz depuis la dernière actualisation